000 00489nam a2200229Ia 4500
001 120736
003 210685
005 20241030062621.0
008 ||||||n9999 ||| || ||
110 _aPablo E. Victoria
_9145044
245 0 _aMacroeconomía Analítica
562 _e7
650 0 _aMacroeconomía
_95509
942 _cBKM
999 _c120736
_d120736
526 _a116204
526 _a4969
526 _a19790
526 _a104436
526 _a5144
526 _a51868
526 _a1697